| 000 | 00622nam a2200229 a 4500 | ||
|---|---|---|---|
| 001 | BRL_820 | ||
| 005 | 20190320210918.0 | ||
| 008 | 091013s1989----mx-a######---#000-p#spa-# | ||
| 020 | _a9686109323 | ||
| 041 | _aspa | ||
| 044 | _amx | ||
| 050 | 4 |
_aPQ7298.23 _b.M33 1989 |
|
| 100 | 1 |
_aMacías, Elva _925037 |
|
| 245 | 1 | 0 |
_aLejos de la memoria _cElva Macías ; ilustraciones de Francisco Toledo. |
| 260 |
_aMéxico _bJoan Boldó i Climent _c1989 |
||
| 300 |
_a47 p. _bil. _c20 cm. |
||
| 500 | _aAu950 | ||
| 650 | 1 | 4 |
_aPoesía _ySiglo XX _925038 |
| 700 | 1 |
_aToledo, Francisco _eil. _925039 |
|
| 902 | _aGRL | ||
| 942 |
_2lcc _cB |
||
| 999 |
_c9632 _d9632 |
||